000 00847cab a2200253 4500
001 ABS59267
008 090401t1998 xxu||||| |||| 00| 0 eng d
035 _a(Sirsi) u88655
041 _aeng
100 _aPennycook, K,
245 _aMaintaining control
260 _c1998
350 _a0
490 _aFacilities Management World
_v(10) June 1998, 34-36(3)
520 _aSummarises new research from BSRIA which indicates that facilities managers can`t rely on maintenance to ensure that building services systems operate correctly. Tables.
650 _aBSRIA
650 _aBUILDING SERVICES ENGINEERING
650 _aFACILITIES MANAGEMENT
_96240
650 _aFACILITIES MANAGERS
650 _aBUILT ENVIRONMENT-BUILDING MAINTENANCE AND REFURBISHMENT
690 _aBlock management
_96220
942 _n0
948 _c25/09/1998
999 _c56048
_d56048